000 00949nam a22002777a 4500
001 03772
003 HDC
007 cr bn ---aaaaa
008 210111t1998 nyu||||| |||| 00| 0 eng
020 _a0-203-22306-3
040 _aHDC
100 _aScragg, A.H.
_eauthor
_93562
245 0 _aAgricultural Biotechnology. Chapter 9 :
_bLarge-Scale Plant Tissue Culture / by
_cA.H. Scragg
260 _aNew York :
_bMARCEL DEKKER,
_c1998
300 _a25 pages
336 _atext
_2rdacontent
337 _acomputer
_2rdamedia
338 _aonline resource
_2rdacarrier
650 _aAgricultural Biotechnology
_91565
650 _amodern agricultural biotechnology
_93520
650 _aPlant Tissue Culture
_93563
856 _zRequest full-text at [email protected]
942 _2lcc
942 _cCHAP
942 _kEBCH 001694
999 _c1108
_d1108